Classifica Marcatori Siena All-Time - Statistics

Statistiche generali
  • Questo quiz è stato fatto 11 volte
  • Il punteggio medio è 4 su 10
Statistiche sulle risposte
Gol Nazione Calciatore % Corretto
49 Italia Massimo Maccarone
100%
26 Italia Simone Vergassola
82%
50 Italia Emanuele Calaiò
73%
33 Italia Enrico Chiesa
45%
28 Italia Alessandro Marotta
18%
26 Italia Simone Tiribocchi
18%
23 Italia Luigi Perugini
9%
24 Italia Marco Guidone
9%
28 Italia Roberto Putelli
9%
22 Italia Walter Lapini
9%
Nessun quiz corrispondente trovato
Distribuzione punteggi
Percentuale di utenti per punteggio
Percentile per numero di risposta
I tuoi punteggi nel tempo
Non hai fatto questo quiz